000 00837 a2200205 4500
008 110628t xxu||||| |||| 00| 0 eng d
020 _a9781884777875
100 _aWilson, Mark
245 _aXML Programming with VB and ASP
_cMark Wilson and Tracey Wilson
260 _bManning
_c2000
_aUSA
300 _axxiv,289 p.
_c24 cm.
650 _aXML(Document markup language)
650 _aMicrosoft visual BASIC
650 _aASP (Computer network protocol)
650 _aMicrosoft visual BASIC
700 _aTracey Wilson.
942 _cBK
_2lcc
999 _c38385
_d38385